000 00700nam a2200205 a 4500
005 20210420115109.0
008 120830s2008 nyu |||gr|||| 00| 0 eng d
020 _a9780345472328
040 _aCO-BoUCM
_bspa
_cDeissy Garcia
_dDeissy Garcia
041 0 _aeng
100 1 _aDweck, Carol S.
_9102834
245 1 0 _aMindset
_bthe new psychology of success
_cCarol S. Dweck
260 _aNueva York
_bBallantine Books
_c2008
300 _axi, 301 páginas
504 _aIncluye referencias bibliográficas e índices
650 7 _912127
_aCreencia y duda
650 7 _aÉxito
_xAspectos psicológicos
_980620
942 _cLIBRO
_2DEWEY
_a9
_e1
_h153.8
_mD989m
_n0
999 _c318696
_d318696